| 000 | 01285nam a2200301 i 4500 | ||
|---|---|---|---|
| 001 | 183807 | ||
| 003 | ES-MaACL | ||
| 005 | 20250929063302.0 | ||
| 008 | 141029r2014 sp abce| |||||||| |dspa d | ||
| 020 | _a978-84-941796-5-5 | ||
| 080 | _a725.182(44)(091) | ||
| 100 | 1 |
_aViollet-Le-Duc, Eugène Emmanuel, _d1814-1879 _9133788 |
|
| 245 | 1 | 0 |
_aHistoria de una fortaleza _b= Histoire d'une forteresse / _cEugène-Emmanuel Viollet-le-Duc ; introducción, Fernando Vela Cossío ; traducción, Jesús Sánchez Maza. |
| 246 | 3 | 1 | _aHistoire d'une forteresse |
| 260 |
_aMadrid : _bLa Ergástula, _cD.L. 2014. |
||
| 300 |
_aL, 260 p. : _bil., mapas, planos ; _c24 cm. |
||
| 500 | _aEugène Emmanuel Viollet-le-Duc: cronología, en p. XLIX. | ||
| 504 | _aReferencias bibliográficas. | ||
| 534 |
_p1ª ed., en francés: _cParis: J. Herzelk et Cie, 1874 ( _fBibliothèque d'éducation) |
||
| 650 | 7 |
_aArquitectura militar- _zFrancia. _9155807 |
|
| 700 | 1 |
_aVela Cossío, Fernando. _9113683 |
|
| 700 | 1 |
_aSánchez Maza, Jesús. _9155808 |
|
| 852 |
_aES-MaACL _jA-13286 _9190762 _bR.150175 _cDEPO1 _dOlim: N-6286 _hDonación: Fernando Vela Cossío |
||
| 903 |
_9113683 _aVela Cossío, Fernando _ednr |
||
| 942 |
_2udc _cMONOGRAFIA |
||
| 999 |
_c183807 _d183807 |
||